• AIU
  • Tony Wilmot Memorial Library

Nkajina, Kutsu na chuya = Nkajina Kutsu and the frog / (Record no. 45443)

MARC details
000 -LEADER
fixed length control field 01077nam a22002777a 4500
003 - CONTROL NUMBER IDENTIFIER
control field OSt
005 - DATE AND TIME OF LATEST TRANSACTION
control field 20110718134525.0
008 - FIXED-LENGTH DATA ELEMENTS--GENERAL INFORMATION
fixed length control field 100407t xxu||||| |||| 00| 0 eng d
020 ## - INTERNATIONAL STANDARD BOOK NUMBER
International Standard Book Number 9966001492
040 ## - CATALOGING SOURCE
Original cataloging agency NEGST Library - Kenya
Transcribing agency NEGST Library - Kenya
Modifying agency NEGST Library - Kenya
050 14 - LIBRARY OF CONGRESS CALL NUMBER
Classification number PL 8603.2
Item number .B35 2003
100 1# - MAIN ENTRY--PERSONAL NAME
Personal name Balesa, Agnes.
9 (RLIN) 3293
245 ## - TITLE STATEMENT
Title Nkajina, Kutsu na chuya = Nkajina Kutsu and the frog /
Statement of responsibility, etc [written by Agnes Balesa ; illustrated by Bernard Gololi].
246 31 - VARYING FORM OF TITLE
Title proper/short title Nkajina Kutsu and the frog.
250 ## - EDITION STATEMENT
Edition statement Trial ed.
260 ## - PUBLICATION, DISTRIBUTION, ETC. (IMPRINT)
Place of publication, distribution, etc Nairobi, Kenya :
Name of publisher, distributor, etc BTL,
Date of publication, distribution, etc c2003.
300 ## - PHYSICAL DESCRIPTION
Extent 19 p. :
Other physical details ill. ;
Dimensions 21 x 31 cm.
500 ## - GENERAL NOTE
General note "A read to me Pokomo MTE book."
500 ## - GENERAL NOTE
General note In Pokomo and some English.
500 ## - GENERAL NOTE
General note "This book is one of a series produced by the Pokomo Mother Tongue Education Programme for schools in the Lower Pokomo area."
500 ## - GENERAL NOTE
General note [Africana].
650 ## - SUBJECT ADDED ENTRY--TOPICAL TERM
Topical term or geographic name as entry element Pokomo language
General subdivision Readers.
9 (RLIN) 3295
650 ## - SUBJECT ADDED ENTRY--TOPICAL TERM
Topical term or geographic name as entry element Pokomo language
General subdivision Texts.
9 (RLIN) 3296
710 2# - ADDED ENTRY--CORPORATE NAME
Corporate name or jurisdiction name as entry element Pokomo Mother Tongue Education Programme.
9 (RLIN) 3297
942 ## - ADDED ENTRY ELEMENTS (KOHA)
Source of classification or shelving scheme Library of Congress Classification
Koha item type Books
Holdings
Withdrawn status Lost status Source of classification or shelving scheme Damaged status Not for loan Collection code Home library Current library Shelving location Date acquired Source of acquisition Cost, normal purchase price Full call number Barcode Date last seen Copy number Price effective from Koha item type
    Library of Congress Classification     General Circulation AIU/NEGST - Tony Wilmot Memorial Library AIU/NEGST - Tony Wilmot Memorial Library General Stacks 04/07/2010 Donation - BTL 5.00 PL 8603.2.B35 2003 R40226M3232 09/26/2019 1 04/07/2010 Africana collection (General)